Statistics for Fifa 22 Top 100 Rest of World Players

Click here to take the quiz!

General Stats

  • This quiz has been taken 51 times
  • The average score is 38 of 100

Answer Stats

RatingClubNationPlayer% Correct
84AjaxSerbiaDusan Tadic
100%
83LAFCMexicoCarlos Vela
81%
82FC PortoMexicoJesus Corona
75%
82BesiktasBosnia-HerzegovinaMiralem Pjanic
75%
83Sporting CPUruguaySebastian Coates
75%
82AjaxArgentinaNicolas Tagliafico
72%
81Inter Miami CFArgentinaGonzalo Higuain
69%
82PSV EindhovenGermanyMario Gotze
69%
82Shanghai SIPGBrazilOscar
69%
82AjaxNetherlandsDaley Blind
66%
79Sporting CPPortugalPaulinho
66%
83Al-AhliBrazilPaulinho
66%
82Al-ShababArgentinaEver Banega
63%
81Tigres UANLFranceAndre-Pierre Gignac
59%
80Vissel KobeSpainAndres Iniesta
59%
81SL BenficaBelgiumJan Vertonghen
59%
82Al-NassrBrazilAnderson Talisca
56%
81Orlando CityPortugalNani
56%
81Medipol BasaksehirBosnia-HerzegovinaEdin Visca
53%
80Atlanta UnitedVenezuelaJosef Martinez
53%
79AjaxArgentinaLisandro Martinez
53%
82CSKA MoscowRussiaMario Fernandes
53%
80FenerbahceGermanyMesut Ozil
53%
82FC PortoPortugalPepe
53%
80PSV EindhovenGermanyPhilipp Max
53%
80AjaxIvory CoastSebastien Haller
53%
82SL BenficaSpainAlejandro Grimaldo
50%
79AjaxBrazilAntony
50%
79Inter Miami CFFranceBlaise Matuidi
50%
80PSV EindhovenIsraelEran Zahavi
50%
80Beijing GuoanDR CongoCedric Bakambu
47%
80Tigres UANLFranceFlorian Thauvin
47%
80Spartak MoscowNetherlandsQuincy Promes
47%
82SL BenficaPortugalRafa
47%
79AjaxBrazilDavid Neres
44%
80TrabzonsporSlovakiaMarek Hamsik
44%
80AjaxMoroccoNoussair Mazraoui
44%
81FC PortoBrazilOtavio
44%
80Royal AntwerpBelgiumRadja Nainggolan
44%
81AjaxNetherlandsSteven Berghuis
44%
81Fatih KaragumrukMoroccoMedhi Benatia
41%
79FC PortoIranMehdi Taremi
41%
79Guangzhou R&FBelgiumMousa Dembele
41%
81SL BenficaPortugalPizzi
41%
80River PlateArgentinaEnzo Perez
38%
81Shakhtar DonetskUkraineMarlos
38%
81SL BenficaArgentinaNicolas Otamendi
38%
81Sporting CPPortugalPedro Goncalves
38%
80Sporting CPSpainPedro Porro
38%
80Dynamo KyivUkraineViktor Tsygankov
38%
79Al-HilalPeruAndre Carrillo
34%
82Sporting CPPortugalJoao Palhinha
34%
80Seattle SoundersUruguayNicolas Lodeiro
34%
79Seattle SoundersPeruRaul Ruidiaz
34%
80Toronto FCSpainAlejandro Pozuelo
31%
79Al-HilalFranceBafetimbi Gomis
31%
78LA GalaxyMexicoJavier Hernandez
31%
79SL BenficaGermanyJulian Weigl
31%
79FeyenoordArgentinaMarcos Senesi
31%
80Sporting CPSpainPablo Sarabia
31%
79BesiktasAlgeriaRachid Ghezzal
31%
79OlympiacosMoroccoYoussef El-Arabi
31%
79FC PortoDR CongoChancel Mbemba
28%
78PSV EindhovenNetherlandsCody Gakpo
28%
79AjaxNetherlandsDavy Klaassen
28%
78Club BruggeBelgiumHans Vanaken
28%
81UD Las PalmasSpainJonathan Viera
28%
80OlympiacosGreeceKostas Fortounis
28%
79KRC GenkNigeriaPaul Ebere Onuachu
28%
80Shakhtar DonetskBrazilIsmaily
25%
79FC PortoColombiaMateus Uribe
25%
79SC BragaPortugalRicardo Horta
25%
78Spartak MoscowNigeriaVictor Moses
25%
80Sporting CPMoroccoZouhair Feddal
25%
80SL BenficaBrazilEverton
22%
79Shenzhen FCColombiaJuan Quintero
22%
78Slavia PragueRomaniaNicolae Stanciu
22%
79AZ AlkmaarNetherlandsOwen Wijndal
22%
80FC PortoPortugalSergio Oliveira
22%
79OlympiacosFranceYann M'Vila
22%
80Boca JuniorsArgentinaEduardo Salvio
19%
78Boca JuniorsColombiaFrank Fabra
19%
78BSC Young BoysCameroonJean-Pierre Nsame
19%
80SL BenficaPortugalJoao Mario
19%
79GimnasiaArgentinaLuis Miguel Rodriguez
19%
78Sporting CPPortugalRicardo Esgaio
19%
78Spartak MoscowFranceSamuel Gigot
19%
79Shakhtar DonetskUkraineTaras Stepanenko
19%
79Guangzhou EvergrandeChinaAi Kesen
16%
79Guangzhou EvergrandeChinaGao Late
16%
78Sporting CPCape VerdeJovane Cabral
16%
78Club BruggeNetherlandsRuud Vormer
16%
79River PlateArgentinaMatias Suarez
13%
78River PlateUruguayNicolas De La Cruz
13%
78Boca JuniorsArgentinaCarlos Izquierdoz
9%
79SL BenficaBrazilLucas Verissimo
9%
79Tigres UANLBrazilRafael Carioca
9%
78AZ AlkmaarNorwayFredrik Midtsjo
6%
78SC BragaPortugalNuno Sequeira
3%
78Spartak MoscowRussiaRoman Zobnin
3%

Score Distribution

Percentile by Number Answered

Percent of People with Each Score

Your Score History

You have not taken this quiz